000 00665nam a2200241 i 4500
001 8413
003 ES-MaACL
005 20230906145443.0
007 t|
008 920616s1991 sp ||||1| spa d
020 _a84-01-38188-6
080 _a86-331.1"19"
080 _a86(Guelbenzu,J.M.7 T.01)
100 1 _aGuelbenzu, José María.
_960412
245 1 3 _aLa tierra prometida /
_cJosé María Guelbenzu.
250 _a[1ª ed.].
260 _aBarcelona :
_bPlaza & Janés,
_c1991.
300 _a239 p. ;
_c22 cm.
490 1 _aLiteraria ;
_v29
830 0 _aLiteraria ;
_v29
_9178137
852 _aES-MaACL
_jL-15794
_bR.120064
999 _c8413
_d8413